Voca Allemand - Statistiques

Statistiques générales
  • Ce quiz a été pris 37 fois
  • Le résultat moyen est 5 sur 20
Statistiques - réponses
Hint Réponse % Correct
guerre krieg
100%
amour liebe
100%
symbole symbol
100%
porte tor
100%
grafitti graffiti
75%
démocratie demokratie
67%
liberté freiheit
67%
mur de Berlin Berliner Mauer
60%
Porte de Brandebourg Brandenburger Tor
60%
politique politisch
60%
exposition ausstellung
50%
art kunst
50%
artiste künstler
50%
courageux(se) mutig
50%
gouvernement regierung
50%
etat staat
50%
interdit(e) verboten
50%
frontière grenze
33%
oeuvre d'art kunstwerk
33%
nouveau départ neuanfang
33%
victime opfer
33%
homme politique (femme) politiker
33%
solidarité solidarität
33%
pouvoir macht
29%
accolade bruderkuss
25%
risque risiko
25%
gilet de sauvetage schwimmweste
20%
tableau mural wandbild
14%
renouveau aufbruch
0%
exprimer aus drücken
0%
peindre bemalen
0%
message botschaft
0%
dénoncer denunzieren
0%
s'investir (pour) ein setzen sich
0%
s'engager (pour) engagieren sich
0%
réfugié(e) flüchtling
0%
paix frieden
0%
bâtiment gebäude
0%
dangereux(se) gefährlich
0%
osé, risqué gewagt
0%
homosexuel(le) gleichgeschlechtlich
0%
installation installation
0%
salle de concerts (à Berlin) konzerthaus
0%
projet artistique kunstprojekt
0%
puissant(e) mächtig
0%
mur mauer
0%
droits de l'homme menschenrechte
0%
protester (contre) protestieren
0%
colonne säule
0%
tissu stoff
0%
dépasser über schreiten
0%
mauvaise humeur unmut
0%
recouvrir de verhüllen
0%
emballage, voilage verhüllung
0%
transmettre vermitteln
0%
cacher verstecken
0%
désintégration zerfall
0%
Aucun quiz correspondant
Distribution des résultats
% des personnes avec chaque résultat
Percentile par nombre de réponses
Votre historique - résultats
Vous n’avez pas pris ce quiz